Historia de Salaverry. Por Manuel Bilbao. Edición corregida y aumentada
Αποθηκεύτηκε σε:
| Κύριος συγγραφέας: | |
|---|---|
| Μορφή: | Βιβλίο |
| Γλώσσα: | Ισπανικά |
| Έκδοση: |
Buenos Aires
Imprenta Buenos Aires
1867
|
| Έκδοση: | 1a. ed |
| Θέματα: | |
| Ετικέτες: |
Προσθήκη ετικέτας
Δεν υπάρχουν, Καταχωρήστε ετικέτα πρώτοι!
|
MARC
| LEADER | 00000nam a2200000 a 4500 | ||
|---|---|---|---|
| 001 | UCJ6770 | ||
| 003 | CL-VaPUC | ||
| 008 | 070124e18670000AG |||||||||||||||||spa|d | ||
| 082 | 0 | 4 | |a 923 |b SAL |2 21 |
| 100 | 0 | |a Bilbao, Manuel |e author |9 508238 | |
| 245 | 1 | 0 | |a Historia de Salaverry. Por Manuel Bilbao. Edición corregida y aumentada |
| 250 | |a 1a. ed | ||
| 300 | |a xii, 411 p | ||
| 942 | |c BK | ||
| 945 | |d 20070124 00:00:00 |a rinostro | ||
| 260 | |a Buenos Aires |b Imprenta Buenos Aires |c 1867 | ||
| 500 | |a Dedicatoria autógrafa del autor.- Advierte errata | ||
| 600 | 0 | |a Matta Goyenechea, Guillermo, |d 1829-1899 |9 512817 | |
| 600 | 0 | 7 | |a SALAVERRY, FELIPE SANTIAGO |2 CL-VaPUC |9 514066 |
| 600 | 0 | |a Bolívar, Simón |d 1783-1830 |9 265422 | |
| 600 | 0 | 7 | |a SUCRE, ANTONIO JOSE DE |2 CL-VaPUC |9 352075 |
| 600 | 0 | 7 | |a SANTA CRUZ, ANDRES DE |2 CL-VaPUC |9 446415 |
| 650 | 7 | |a BIOGRAFIA |2 CL-VaPUC |9 504622 | |
| 650 | 7 | |a REVOLUCION DE LA INDEPENDENCIA |2 CL-VaPUC |9 316035 | |
| 650 | 7 | |a BATALLAS |2 CL-VaPUC |9 376940 | |
| 650 | 7 | |a GUERRAS CIVILES |2 CL-VaPUC |9 361938 | |
| 651 | 0 | |a Perú |9 256567 | |
| 651 | 7 | |a JUNIN |2 CL-VaPUC |9 447188 | |
| 651 | 7 | |a AYACUCHO |2 CL-VaPUC |9 446612 | |
| 651 | 0 | |a Bolivia |9 255454 | |
| 583 | |a last modification |c 20070124 00:00:00 |k Rodrigo Vera | ||
| 999 | |c 322872 |d 322870 | ||
| 952 | |0 0 |1 0 |4 0 |6 923_000000000000000_SAL_1867 |7 0 |8 X |9 402003 |a FDOBUD |b FDOBUD |d 2019-11-22 |i 1052667 |o 923 SAL 1867 |p 1052667 |r 2019-11-22 |w 2019-11-22 |y BK_X |k BUD | ||